UBT Library

Freedom and Responsibility yearbook (Record no. 150)

000 -LEADER
fixed length control field 01021nam a22002297a 4500
008 - FIXED-LENGTH DATA ELEMENTS--GENERAL INFORMATION
fixed length control field 131023b xxu||||| |||| 00| 0 eng d
041 0# - LANGUAGE CODE
Language code of text/sound track or separate title eng
080 ## - UNIVERSAL DECIMAL CLASSIFICATION NUMBER
Universal Decimal Classification number 070.1
245 00 - TITLE STATEMENT
Title Freedom and Responsibility yearbook
Statement of responsibility, etc OSCE Representative on Freedom of the Media.
246 30 - VARYING FORM OF TITLE
Title proper/short title Freedom and Responsibility
246 3# - VARYING FORM OF TITLE
Title proper/short title Yearbook
260 ## -
-- Vienna :
-- OSCE Representative on Freedom of the Media,
-- 2001
300 ## -
-- 287 f. :
-- 21 cm.
500 ## -
-- Preface : f. 9 - 11
500 ## -
-- Introduction : f. 13 - 17
500 ## -
-- The Authors : f. 286 - 287
520 ## -
-- The OSCE Representative on Freedom of the Media observes media developments in all 56 OSCE participating States. He provides early warning on violations of freedom of expression and promotes full compliance with OSCE press freedom commitments.
650 ## -
-- Liria e shtypit
-- Periodikë
-- Europa
650 ## -
-- Liria e fjalës
-- Periodikë
-- Europa
700 2# -
-- OSCE Representative on Freedom of the Media.
942 ## - ADDED ENTRY ELEMENTS (KOHA)
Source of classification or shelving scheme
Item type Books
Holdings
Withdrawn status Lost status Source of classification or shelving scheme Damaged status Not for loan Collection code Permanent location Current location Shelving location Date acquired Total Checkouts Full call number Barcode Date last seen Koha item type
          Koleksioni i përgjithshem UBT - Prishtine UBT - Prishtine Koleksioni i përgjithshem 10/23/2013   070.1 FREE 001-000166 10/23/2013 Books
UBT Library © 2015-2024. All rights reserved University Education for Business and Technology